Les 20 joueurs les mieux payé de la NFL - Statistiques

Statistiques générales
  • Ce quiz a été pris 180 fois
  • Le résultat moyen est 12 sur 20
Statistiques - réponses
Franchise Salaire $ (annuel) Joueur % Correct
Chiefs 45'000'000 Patrick Mahomes
95%
Bengals 55'000'000 Joe Burrow
90%
Ravens 52'000'000 Lamar Jackson
87%
Bills 43'000'000 Josh Allen
85%
Eagles 51'000'000 Jalen Hurts
79%
Jaguars 28'000'000 Joshua Hines-Allen
79%
Cowboys 40'000'000 Dak Prescott
69%
Vikings 35'000'000 Justin Jefferson
68%
Chargers 52'000'000 Justin Herbert
67%
Cardinals 46'100'000 Kyler Murray
62%
Cowboys 34'000'000 CeeDee Lamb
55%
Lions 30'000'000 Amon-Ra St. Brown
54%
Chiefs 31'800'000 Chris Jones
50%
Browns 25'000'000 Myles Garrett
47%
Seahawks 33'000'000 D.K. Metcalf
40%
49ers 34'000'000 Nick Bosa
40%
Browns 46'000'000 Deshaun Watson
36%
Broncos 49'000'000 Russell Wilson
36%
Gianta 28'000'000 Brian Burns
9%
Buccaneers 28'000'000 Tristan Wirfs
5%
Aucun quiz correspondant
Distribution des résultats
% des personnes avec chaque résultat
Percentile par nombre de réponses
Votre historique - résultats
Vous n’avez pas pris ce quiz